<?xml version="1.0" encoding="UTF-8"?>
<record
    xmlns:xsi="http://www.w3.org/2001/XMLSchema-instance"
    xsi:schemaLocation="http://www.loc.gov/MARC21/slim http://www.loc.gov/standards/marcxml/schema/MARC21slim.xsd"
    xmlns="http://www.loc.gov/MARC21/slim">

  <leader>00558cam9a220019300 4500</leader>
  <controlfield tag="001">tmp15924106</controlfield>
  <controlfield tag="003">UPRA</controlfield>
  <controlfield tag="005">20190821135201.0</controlfield>
  <controlfield tag="008">951113s1976    xx                  eng u</controlfield>
  <datafield tag="035" ind1=" " ind2=" ">
    <subfield code="a">(Sirsi) r49064</subfield>
  </datafield>
  <datafield tag="035" ind1=" " ind2=" ">
    <subfield code="a">(UPRA)tmp15924106</subfield>
  </datafield>
  <datafield tag="040" ind1=" " ind2=" ">
    <subfield code="c">UPRA</subfield>
  </datafield>
  <datafield tag="100" ind1="1" ind2=" ">
    <subfield code="a">Littler, Peter.</subfield>
    <subfield code="6">A7095.1</subfield>
  </datafield>
  <datafield tag="245" ind1="1" ind2="0">
    <subfield code="a">English for the office :</subfield>
    <subfield code="b">a guide to oral and written communication for commerce students and young office workers.</subfield>
  </datafield>
  <datafield tag="250" ind1=" " ind2=" ">
    <subfield code="a">2nd.</subfield>
  </datafield>
  <datafield tag="260" ind1=" " ind2=" ">
    <subfield code="c">1976.</subfield>
  </datafield>
  <datafield tag="949" ind1=" " ind2=" ">
    <subfield code="a">HF5718</subfield>
    <subfield code="w">lcc</subfield>
    <subfield code="i">-61017</subfield>
    <subfield code="m">MAIN</subfield>
    <subfield code="t">BOOK</subfield>
    <subfield code="l">ON-SHELF</subfield>
  </datafield>
  <controlfield tag="004">49064</controlfield>
  <datafield tag="999" ind1=" " ind2=" ">
    <subfield code="c">115919</subfield>
    <subfield code="d">115919</subfield>
  </datafield>
</record>
